000 00574nam a2200181 i 4500
001 88303
003 ES-MaACL
005 20230906175833.0
007 t|
008 050103q1943 sp ||||1| spa d
100 1 _aLaín Entralgo, Pedro,
_d1908-2001
_969681
245 1 0 _aSobre la cultura española
_b: confesiones de este tiempo.
_nCuaderno primero /
_cPedro Laín Entralgo.
260 _aMadrid :
_bEditora Nacional,
_c1943.
300 _a171 p. ;
_c24 cm.
651 4 _aEspaña-
_xCivilización.
_98163
852 _aES-MaACL
_jP-927-1
_bR.20149
999 _c88303
_d88303